000
00315nam a22001337a 4500
008
170714b xxu||||| |||| 00| 0 eng d
020
_a
9780877798088
041
_a
eng
080
_2
11TH
_a
038
100
_a
26
101
_a
FJA
245
_a
MERRIAM WEBSTER'S COLLEGIATE DICTIONARY
_c
WEBSTER, M
942
_2
udc
_c
BK
999
_c
20968
_d
20968